000 00489nam a2200181Ia 4500
008 090124s9999 xx 000 0 und d
082 _b128683
100 _aसावंत हेमंत द.
245 _a मर्मभेद
250 _a1
260 _c1999
300 _a512
600 _aसावंत हेमंत द.
630 _a मर्मभेद
700 _aसावंत हेमंत द.
730 _a मर्मभेद
942 _cBOOK
999 _c174772
_d174772